00928na a2200241 450000100060000000300080000600500170001400800410003102000180007204000250009004100080011508200200012324501230014324600610026626000380032730000450036544000610041060000460047161000350051765000490055270000240060174000610062524260MIRAKIL20181213155333.0180903b tu 000 0  a9789751631121 aMilasbturcTR-AnCHP atur a709.2bS35 2015 aProf. Dr. Semavi Eyice külliyatı 1bTürk Tarih Kurumunda yayımlanmış çalışmalarıcderleyen Sema Doğan aTürk Tarih Kurumunda yayımlanmış çalışmaları aAnkarabTürk Tarih Kurumuc2015 axiv, 1339 s.bres. ; tbl. ; pln.c27 sm. aAKDTYK Türk Tarih Kurumu yayınlarıvVI. dizi-sayı 3 aEyice, SemavicSanat Tarihçid1922-2018 aTürk Tarih Kurumuxyayınlar aSanat tarihçileri, TürkxBibliyografiler aDoğan, Semaeder. aTürk Tarih Kurumunda yayımlanmış çalışmaları